Corrosion in masonry clad early 20th century steel framed buildings (Record no. 100687)

MARC details
000 -LEADER
fixed length control field 01291cam a2200289 4500
008 - FIXED-LENGTH DATA ELEMENTS--GENERAL INFORMATION
fixed length control field 000000n2000 000 0 eng u
020 ## - INTERNATIONAL STANDARD BOOK NUMBER
International Standard Book Number 1900168529
035 ## - SYSTEM CONTROL NUMBER
System control number (Sirsi) u107362
041 ## - LANGUAGE CODE
Language code of text/sound track or separate title eng
050 ## - LIBRARY OF CONGRESS CALL NUMBER
Classification number 693.1
100 ## - MAIN ENTRY--PERSONAL NAME
Personal name Gibbs, Peter
245 ## - TITLE STATEMENT
Title Corrosion in masonry clad early 20th century steel framed buildings
260 ## - PUBLICATION, DISTRIBUTION, ETC.
Place of publication, distribution, etc. Edinburgh
Name of publisher, distributor, etc. Historic Scotland
Date of publication, distribution, etc. 2000
300 ## - PHYSICAL DESCRIPTION
Extent vi, 84p. : ill. ; 30cm.
350 ## - PRICE (NR) (BK AM CF MU VM SE) [OBSOLETE]
Price 0
490 ## - SERIES STATEMENT
Series statement Technical Advice Note
Volume/sequential designation 20
520 ## - SUMMARY, ETC.
Summary, etc. Introduction to corrosion in masonry clad steel framed buildings (excluding housing) constructed in Scotland, England and Wales during the first half of the twentieth century. It draws together existing information on current methodologies used in the repair of corrosion, it also presents information on newer technologies and more appropriate methodologies for the repair of historic buildings. The principles described are generally applicable to all types of cladding materials
650 ## - SUBJECT ADDED ENTRY--TOPICAL TERM
Topical term or geographic name entry element CORROSION
650 ## - SUBJECT ADDED ENTRY--TOPICAL TERM
Topical term or geographic name entry element HISTORIC BUILDINGS
650 ## - SUBJECT ADDED ENTRY--TOPICAL TERM
Topical term or geographic name entry element HISTORIC SCOTLAND
650 ## - SUBJECT ADDED ENTRY--TOPICAL TERM
Topical term or geographic name entry element MASONRY CLADDING
650 ## - SUBJECT ADDED ENTRY--TOPICAL TERM
Topical term or geographic name entry element SCOTLAND
650 ## - SUBJECT ADDED ENTRY--TOPICAL TERM
Topical term or geographic name entry element STEEL FRAMED BUILDINGS
690 ## - LOCAL SUBJECT ADDED ENTRY--TOPICAL TERM (OCLC, RLIN)
Topical term or geographic name as entry element BUILDING AND CONSTRUCTION-REPAIRS AND MAINTENANCE
710 ## - ADDED ENTRY--CORPORATE NAME
Corporate name or jurisdiction name as entry element Historic Scotland
9 (RLIN) 2914
942 ## - ADDED ENTRY ELEMENTS (KOHA)
Suppress in OPAC 0
Holdings
Withdrawn status Lost status Source of classification or shelving scheme Damaged status Not for loan Home library Current library Shelving location Date acquired Total Checkouts Full call number Barcode Date last seen Date last checked out Copy number Price effective from Koha item type
    Dewey Decimal Classification     London London Folio 04/08/2000 18 F693.1 GIB 30062032 06/08/2019 30/07/2007 1 06/08/2019 Book